Statistiques concernant Tous les pokémon d' Arthur

Cliquez ici pour prendre le quiz!

Statistiques générales

  • Ce quiz a été pris 15 fois
  • Le résultat moyen est 5 sur 6

Statistiques - réponses

HintRéponse% Correct
Sharpedo
100%
Rubis & SaphirGrahyena
92%
Nosferalto
92%
Ultra-Soleil
& Ultra-Lune
Kyogre
85%
Nostenfer
85%
Rubis Oméga
& Saphir Alpha
Grotadmorv
62%

Distribution des résultats

Percentile par nombre de réponses

% des personnes avec chaque résultat

Votre développement - résultats

Vous n’avez pas pris ce quiz